The Republic/ (Record no. 205241)

MARC details
000 -LEADER
fixed length control field 00627nam a22001937a 4500
005 - DATE AND TIME OF LATEST TRANSACTION
control field 20241011142041.0
010 ## - LCCN (DPL NO)
LC control number ENG-141405 ENG-142158
020 ## - INTERNATIONAL STANDARD BOOK NUMBER
International Standard Book Number 9789357943475
Terms of availability 795.00
035 ## - SYSTEM CONTROL NUMBER
System control number EN-125690
037 ## - SOURCE OF ACQUISITION
Source of stock number/acquisition DBAD
082 ## - DEWEY DECIMAL CLASSIFICATION NUMBER
Classification number 321.07
100 ## - MAIN ENTRY--PERSONAL NAME
Personal name Plato
245 ## - TITLE STATEMENT
Title The Republic/
Statement of responsibility, etc By Plato and Translated by Benjamin Jowett
260 ## - PUBLICATION, DISTRIBUTION, ETC. (IMPRINT)
Place of publication, distribution, etc New Delhi
Name of publisher, distributor, etc V&S Publishers
270 ## - ADDRESS
Address F-2/16, Ansari road, Daryaganj,
City New Delhi
Postal code 110002
Electronic mail address info@vspublishers.com
Telephone number 23240026,27,28
300 ## - PHYSICAL DESCRIPTION
Extent 528p.
Dimensions 22cm(pb)
700 ## - ADDED ENTRY--PERSONAL NAME
9 (RLIN) 70456
Personal name Benjamin Jowett
Relator term Translated by
942 ## - ADDED ENTRY ELEMENTS (KOHA)
Source of classification or shelving scheme Dewey Decimal Classification
Item type English Books
Classification part 321.07
Call number suffix PLA
Holdings
Withdrawn status Lost status Not for loan Collection code Home library Current library Date acquired Source of acquisition Cost, normal purchase price Full call number Barcode Copy number Cost, replacement price Koha item type
    Not For Loan Non-fiction Kadipur Kadipur 11/10/2024 Delivery of Books Act Division 795.00 321.07 PLA EN-125690 1 795.00 English Books
      Non-fiction Shahdara Branch Shahdara Branch 23/08/2024 DBAD 395.00 321.07 PLA EN-124937 1 395.00 English Books

© Delhi Public Library
Hit Counter
free hit counter